000 01257nam a22002057a 4500
003 JO-AjAnu
005 20250720091322.0
008 250719b jo ||||| |||| 00| 0 ara d
040 _aJO-AjAnu
_bara
_cJO-AjAnu
_dJO-AjAnu
_erda
041 _aara
_hara
050 _aHF5681
_b2025
100 1 _aالقضاة، عبدالرحيم خالد عبدالرحيم
_eمعد
_966607
245 0 _aمدى استخدام الذكاء الاصطناعي لاكتشاف الأخطاء والغش في القوائم المالية في مكاتب التدقيق إقليم الشمال = The Extent of Using Artificial Intelligence to Detect Errors and Fraud in Financial Statements in Audit Offices in the Northern Region /
_cاعداد عبدالرحيم خالد عبدالرحيم القضاة ؛ اشراف مهند محمد العبيني
260 _c2025
300 _a119 ورقة
504 _aرسالة جامعية(رسالة ماجستير)-جامعة عجلون الوطنية(عجلون، الاردن)-كلية الاعمال، قسم المحاسبة، 2025.
650 7 _aالقوائم المالية- تحليل مالي- ذكاء اصطناعي.
_966608
700 1 _aالعبيني، مهند محمد
_964945
_eمشرف
942 _2lcc
_cTHS
_n0
999 _c33953
_d33953